| 000 | 00342nam a22001337a 4500 | ||
|---|---|---|---|
| 020 | _qPB. | ||
| 040 | _cFIZZA ISHAQ | ||
| 082 |
_a006.31 _bNWA |
||
| 100 |
_aNWANGANGA,FRED. _981144 |
||
| 245 |
_aPRACTICAL MACHINE LEARNING IN R / _cFRED NWANGANGA. |
||
| 260 |
_aCANADA ; _bJOHN WILEY AND SONS, _c2020. |
||
| 300 | _a438 P. ; | ||
| 942 |
_2ddc _cBK |
||
| 999 |
_c594418 _d594418 |
||